Your fully charged life : a radically simple ... Read More
Available copies
- 1 of 1 copy available at LARL/NWRL Consortium.
- 1 of 1 copy available at Lake Agassiz Regional Library. (Show preferred library)
Current holds
0 current holds with 1 total copy.
Show Only Available Copies
| Location | Call Number / Copy Notes | Barcode | Shelving Location | Status | Due Date |
|---|---|---|---|---|---|
| Moorhead Public Library | 158.1 MUR (Text) | 33500013356266 | Main | Available | - |
Record details
- ISBN: 9780593188576
- ISBN: 0593188578
- Physical Description: pages cm
- Publisher: New York : TarcherPerigee, Penguin Random House LLC, 2021.
Content descriptions
| Summary, etc.: | "The Fully Charged Life is Meaghan's practical ... Read More |
Search for related items by subject
| Subject: | Self-actualization (Psychology) PSYCHOLOGY / General. Self-actualization (Psychology) |
| LDR | 01886cam a22003858i 4500 | ||
|---|---|---|---|
| 001 | 356536 | ||
| 003 | LARL_NWRL_CONSORTIUM | ||
| 005 | 20210105181821.0 | ||
| 008 | 200529s2021 nyu 000 0 eng | ||
| 010 | . | ‡a 2020024978 | |
| 040 | . | ‡aDLC ‡beng ‡erda ‡cDLC ‡dOCLCO ‡dOCLCF ‡dYDX ‡dTOH | |
| 020 | . | ‡a9780593188576 ‡q(hardcover) | |
| 020 | . | ‡a0593188578 | |
| 020 | . | ‡z9780593188583 ‡q(ebook) | |
| 035 | . | ‡a(OCoLC)1157818623 | |
| 042 | . | ‡apcc | |
| 082 | 0 | 0. | ‡a158.1 ‡223 |
| 100 | 1 | . | ‡aMurphy, Meaghan B, ‡eauthor. |
| 245 | 1 | . | ‡aYour fully charged life : ‡ba radically simple approach to having endless energy and filling every day with yay / ‡cMeaghan B. Murphy ; with Beth Janes O'Keefe. |
| 264 | 1. | ‡aNew York : ‡bTarcherPerigee, Penguin Random House LLC, ‡c2021. | |
| 300 | . | ‡apages cm | |
| 336 | . | ‡atext ‡btxt ‡2rdacontent | |
| 337 | . | ‡aunmediated ‡bn ‡2rdamedia | |
| 338 | . | ‡avolume ‡bnc ‡2rdacarrier | |
| 520 | . | ‡a"The Fully Charged Life is Meaghan's practical guide to bringing your best self to every moment, even when the pressures of daily life leave you feeling overwhelmed, exhausted, and wallowing in negative thoughts (and a pint of your favorite gelato). Spanning health, work, family time, and more, the book reveals small changes in outlook and habits that yield big results, without ever sacrificing who you are"-- ‡cProvided by publisher. | |
| 650 | 0. | ‡aSelf-actualization (Psychology) ‡0(LARL_NWRL_CONSORTIUM)30582 | |
| 650 | 7. | ‡aPSYCHOLOGY / General. ‡2bisacsh | |
| 650 | 7. | ‡aSelf-actualization (Psychology) ‡2fast ‡0(LARL_NWRL_CONSORTIUM)30582 | |
| 700 | 1 | . | ‡aO'Keefe, Janes, ‡eauthor. |
| 776 | 0 | 8. | ‡iOnline version: ‡aMurphy, Meaghan B, ‡tThe fully charged life ‡dNew York : TarcherPerigee, Penguin Random House LLC, 2021. ‡z9780593188583 ‡w(DLC) 2020024979 |
| 905 | . | ‡uvanderl | |
| 901 | . | ‡a356536 ‡b ‡c356536 ‡tbiblio ‡soclc | |

Add to basket
Permalink
Disable Highlighting